[Event "Superettan(Kristallen-Farsta)"]
[Site "?"]
[Date "2024.03.08"]
[Round "7"]
[White "Livner, Anders"]
[Black "van Hengel, Hugo"]
[Result "1-0"]
[WhiteElo "2283"]
[BlackElo "2245"]
[PlyCount "107"]
[SourceVersionDate "2024.03.16"]

1. Nf3 d5 2. e3 Nf6 3. c4 e6 4. Nc3 c5 5. cxd5 Nxd5 6. Nxd5 Qxd5 7. b3 Be7 8.
Bb2 O-O 9. Bc4 Qd6 10. h4 Nc6 11. Ng5 Nb4 12. Qb1 f5 13. a3 Nd5 14. Qc2 a6 15.
f4 b5 16. Be2 Bb7 17. Rh3 Bf6 18. Rg3 Nxf4 19. exf4 Qxf4 20. Rg4 Be4 21. Rxf4
Bxc2 22. Bxf6 Rxf6 23. Rc1 Bxb3 24. Rxc5 Rd8 25. Rc6 e5 26. Rxf6 gxf6 27. Rxf5
fxg5 28. Rxg5+ Kf7 29. Rxe5 Rd4 30. Re3 Be6 31. g3 Kf6 32. Rc3 Ke5 33. Re3+ Kf6
34. Bd1 Bf5 35. Rc3 a5 36. Rc6+ Ke5 37. Rc5+ Rd5 38. Rxd5+ Kxd5 39. g4 Be4 40.
g5 Kd4 41. Kf2 a4 42. h5 b4 43. axb4 a3 44. Bb3 Ke5 45. Ke3 Bb1 46. h6 Kf5 47.
Kd4 a2 48. Bxa2 Bxa2 49. b5 Be6 50. Kc5 Kxg5 51. d4 Kf6 52. Kd6 Kf5 53. d5 Bc8
54. Kc7 1-0

[Event "Superettan(Schack 08-Burgsvik)"]
[Site "?"]
[Date "2024.03.08"]
[Round "7"]
[White "Laveryd, Peter"]
[Black "Larsson, Victor"]
[Result "0-1"]
[WhiteElo "2350"]
[BlackElo "2173"]
[PlyCount "120"]
[SourceVersionDate "2024.03.14"]

1. e4 c5 2. Nc3 Nc6 3. f4 e6 4. g3 d5 5. d3 Nf6 6. Bg2 Be7 7. Nh3 dxe4 8. dxe4
Qxd1+ 9. Nxd1 e5 10. f5 b6 11. c3 Bb7 12. Ne3 Na5 13. Nf2 c4 14. Nc2 Nd7 15.
Be3 O-O-O 16. Rd1 Nc5 17. Rxd8+ Rxd8 18. Ke2 Na4 19. Bc1 Bc5 20. Ng4 f6 21.
Nge3 Bxe3 22. Nxe3 Nc5 23. Nd5 Nxe4 24. Bxe4 Bxd5 25. Bxd5 Rxd5 26. g4 Nb7 27.
Be3 Ra5 28. Ra1 Kd7 29. Kd2 Rd5+ 30. Kc2 Ra5 31. Rd1+ Kc6 32. Kb1 Nd6 33. Re1
Rd5 34. Kc2 Rd3 35. a4 Rd5 36. Ra1 Nb7 37. b3 cxb3+ 38. Kxb3 Na5+ 39. Kb4 Rd3
40. Re1 Kd5 41. Bc1 Nc4 42. Kb3 e4 43. Kc2 Ne5 44. a5 Nxg4 45. Bf4 Ne5 46. a6
Nc4 47. Rg1 Rf3 48. Bc1 e3 49. Rxg7 e2 50. Bd2 Rf1 51. Rd7+ Kc6 52. Re7 Ne5 53.
Rxa7 Ra1 54. Re7 Ra2+ 55. Kc1 Rxa6 56. Kb1 Ra4 57. Re6+ Kc5 58. Rxf6 Nc4 59.
Re6 Nxd2+ 60. Kc2 Ne4 0-1

[Event "Superettan(Rockaden, Sthlm II-Skara)"]
[Site "?"]
[Date "2024.03.08"]
[Round "7"]
[White "Hedman, Erik"]
[Black "Ronneland, Daniel"]
[Result "1-0"]
[WhiteElo "2311"]
[BlackElo "2234"]
[PlyCount "69"]
[SourceVersionDate "2024.03.15"]

1. e4 c5 2. c3 d5 3. exd5 Qxd5 4. d4 Nc6 5. Nf3 Bg4 6. dxc5 Qxd1+ 7. Kxd1 e5 8.
b4 e4 9. h3 Bh5 10. g4 exf3 11. gxh5 Nf6 12. Nd2 Be7 13. Kc2 a5 14. a3 axb4 15.
cxb4 Nxb4+ 16. axb4 Rxa1 17. Bb2 Ra8 18. Bb5+ Kf8 19. Nxf3 Nd5 20. Kb3 Bf6 21.
Bc4 Nc7 22. Ne5 Ke7 23. Nxf7 Rhe8 24. Nd6 Reb8 25. Nf5+ Kf8 26. Bxf6 gxf6 27.
Rg1 Ke8 28. Rg7 Kd8 29. Nd6 b5 30. c6 bxc4+ 31. Kc2 Ra2+ 32. Kb1 Rxb4+ 33. Kxa2
Ra4+ 34. Kb1 Rb4+ 35. Kc1 1-0

[Event "Superettan(Kristallen-Farsta)"]
[Site "?"]
[Date "2024.03.08"]
[Round "7"]
[White "Walinder, Lars"]
[Black "Degerman, Lars"]
[Result "0-1"]
[WhiteElo "2231"]
[BlackElo "2422"]
[PlyCount "158"]
[SourceVersionDate "2024.03.16"]

1. c4 c5 2. Nf3 Nc6 3. d4 cxd4 4. Nxd4 Nf6 5. Nc3 e6 6. a3 Be7 7. e4 O-O 8. Nf3
d6 9. Be2 b6 10. O-O Bb7 11. Bf4 Ne5 12. Nd2 Rc8 13. Rc1 a6 14. Bg3 Ned7 15. b4
Qc7 16. f4 Qb8 17. Bd3 g6 18. Qe2 Nh5 19. Be1 e5 20. g3 exf4 21. gxf4 Bf6 22.
Qg4 Bd4+ 23. Bf2 Bxf2+ 24. Rxf2 Ndf6 25. Qh4 Rce8 26. Re1 Qd8 27. Rff1 Qe7 28.
Nf3 Nd7 29. Qg4 Qd8 30. Ng5 Ndf6 31. Qh4 h6 32. Nf3 Nd7 33. Qg4 Ndf6 34. Qh4
Nh7 35. Qg4 Qf6 36. Nd5 Bxd5 37. cxd5 Nxf4 38. Bxa6 Ng5 39. Nxg5 hxg5 40. Qf3
Qd4+ 41. Qe3 Rxe4 42. Qxd4 Rxd4 43. Rd1 Rxd5 44. Rxd5 Nxd5 45. Rd1 Nc7 46. Bb7
Rb8 47. Bc6 Rd8 48. a4 d5 49. a5 bxa5 50. bxa5 Rd6 51. Bb7 d4 52. Kf2 Kg7 53.
Ke1 Na6 54. Rc1 Kf6 55. Rc6 Rxc6 56. Bxc6 Ke7 57. Bb7 Nc7 58. a6 Nb5 59. Bc6
Na7 60. Bd5 f6 61. Kd2 Kd6 62. Bf7 Kc5 63. Bxg6 Kb6 64. Kd3 Nb5 65. Be8 Kxa6
66. Bd7 Kb6 67. Kc4 Nd6+ 68. Kxd4 Kc7 69. Ba4 Kd8 70. Ke3 Ke7 71. Kf3 f5 72.
Bc6 Kf6 73. Kg3 Ke5 74. Ba8 Ne4+ 75. Kg2 Kf4 76. Bb7 Ke3 77. h4 g4 78. Bxe4
Kxe4 79. h5 Ke5 0-1

[Event "Superettan(Schack 08-Burgsvik)"]
[Site "?"]
[Date "2024.03.08"]
[Round "7"]
[White "Andersson, Tommy"]
[Black "Ask, Josef"]
[Result "1-0"]
[WhiteElo "2358"]
[BlackElo "2174"]
[PlyCount "59"]
[SourceVersionDate "2024.03.14"]

1. Nf3 Nf6 2. g3 d6 3. d4 Nbd7 4. Bg2 e5 5. O-O Be7 6. c4 O-O 7. b3 Re8 8. Nc3
c6 9. e4 a6 10. d5 Nc5 11. Ne1 a5 12. Nd3 Nfd7 13. Nb2 Qc7 14. Be3 Nf8 15. h3
f5 16. exf5 Bxf5 17. Rc1 Nfd7 18. dxc6 bxc6 19. Qf3 Bd3 20. Nxd3 e4 21. Nxe4
Nxd3 22. Rcd1 N7e5 23. Qe2 Nb4 24. a3 Na6 25. f4 Nf7 26. Qg4 Rab8 27. Bd4 g6
28. Qe6 Nc5 29. Bxc5 dxc5 30. Rd7 1-0

[Event "Superettan(Rockaden, Sthlm II-Skara)"]
[Site "?"]
[Date "2024.03.08"]
[Round "7"]
[White "Eklund, Lars-Goran"]
[Black "Eriksson, Dan"]
[Result "1/2-1/2"]
[WhiteElo "2176"]
[BlackElo "2240"]
[PlyCount "37"]
[SourceVersionDate "2024.03.15"]

1. Nf3 Nc6 2. d4 d5 3. Bf4 Bf5 4. e3 e6 5. Bb5 Bd6 6. Ne5 Nge7 7. g4 Be4 8. f3
Bg6 9. Qd2 O-O 10. h4 f6 11. Nxg6 Nxg6 12. Bxd6 Qxd6 13. Nc3 a6 14. Bd3 Nb4 15.
Bxg6 Qg3+ 16. Qf2 Qxf2+ 17. Kxf2 hxg6 18. a3 Nc6 19. Rad1 1/2-1/2

[Event "Superettan(Kristallen-Farsta)"]
[Site "?"]
[Date "2024.03.08"]
[Round "7"]
[White "Hjelm, Niclas"]
[Black "Lindh, Fredrik"]
[Result "1/2-1/2"]
[WhiteElo "2279"]
[BlackElo "2251"]
[PlyCount "88"]
[SourceVersionDate "2024.03.16"]

1. d4 d5 2. c4 c6 3. cxd5 cxd5 4. Bg5 h6 5. Bh4 Nc6 6. Nc3 g5 7. Bg3 Nf6 8. e3
a6 9. Bd3 Bg7 10. Nge2 Nh5 11. Rc1 e6 12. O-O f5 13. f4 g4 14. Be1 Nf6 15. Na4
O-O 16. b4 Nb8 17. Qb3 Nfd7 18. b5 axb5 19. Bxb5 Nc6 20. Bd2 Na5 21. Bxa5 Rxa5
22. Rc2 Nf6 23. Rfc1 Ra8 24. Rc7 Rf7 25. R7c2 Ne4 26. Bd3 Bd7 27. Nb6 Rb8 28.
a4 Nd6 29. a5 Bf8 30. Nc3 Bc6 31. Nca4 Bxa4 32. Qxa4 Qe8 33. Qb3 Be7 34. Rc7
Bd8 35. Rxf7 Qxf7 36. Qb4 Qe7 37. Rc5 Nc8 38. Na4 b6 39. axb6 Nxb6 40. Nxb6
Rxb6 41. Qc3 Rb7 42. Rc8 Rc7 43. Qxc7 Qxc7 44. Rxc7 Bxc7 1/2-1/2

[Event "Superettan(Schack 08-Burgsvik)"]
[Site "?"]
[Date "2024.03.08"]
[Round "7"]
[White "Karlsson, Tomas"]
[Black "Persson, Mats"]
[Result "1/2-1/2"]
[WhiteElo "2278"]
[BlackElo "2252"]
[PlyCount "89"]
[SourceVersionDate "2024.03.14"]

1. e4 c5 2. Nf3 e6 3. d4 cxd4 4. Nxd4 a6 5. Nc3 Qc7 6. g3 Nc6 7. Bg2 Nf6 8. O-O
Nxd4 9. Qxd4 Bc5 10. Bf4 d6 11. Qd2 h6 12. Rad1 e5 13. Be3 Bg4 14. Bxc5 dxc5
15. f3 Be6 16. Nd5 Bxd5 17. exd5 Qd6 18. f4 O-O 19. fxe5 Qxe5 20. d6 Qxb2 21.
c4 Qxd2 22. Rxd2 Rab8 23. d7 Rfd8 24. Bh3 Kf8 25. Rfd1 b6 26. Rd3 Rb7 27. Ra3
a5 28. Rb3 h5 29. a4 Ng4 30. Bxg4 hxg4 31. Rbd3 Rc7 32. Rd6 Rb7 33. R6d5 Rc7
34. Rd6 g6 35. h3 gxh3 36. Kh2 Rb7 37. R6d5 Ke7 38. Re1+ Kf8 39. Red1 Kg7 40.
Kxh3 Kf8 41. R1d3 Ke7 42. Re3+ Kf8 43. Red3 Ke7 44. Re3+ Kf8 45. Red3 1/2-1/2

[Event "Superettan(Rockaden, Sthlm II-Skara)"]
[Site "?"]
[Date "2024.03.08"]
[Round "7"]
[White "Crevatin, Leo"]
[Black "Danielsson, Fredrik"]
[Result "1-0"]
[WhiteElo "2305"]
[BlackElo "2109"]
[PlyCount "135"]
[SourceVersionDate "2024.03.15"]

1. d4 Nf6 2. c4 g6 3. Nc3 d5 4. cxd5 Nxd5 5. e4 Nxc3 6. bxc3 Bg7 7. Nf3 c5 8.
Bb5+ Nc6 9. O-O O-O 10. Bxc6 bxc6 11. Qc2 Qa5 12. Be3 cxd4 13. cxd4 c5 14. dxc5
Ba6 15. Rfe1 Qc3 16. Qa4 Qc4 17. Qxc4 Bxc4 18. Bd4 Bh6 19. a4 a5 20. Ne5 Bg7
21. Rec1 Be6 22. Nc6 Rfe8 23. Bxg7 Kxg7 24. Nd4 Red8 25. Rd1 Rdc8 26. Rac1 Rab8
27. c6 Bb3 28. c7 Rb7 29. Nxb3 Rxb3 30. g3 Rb7 31. Rd5 Rcxc7 32. Rxc7 Rxc7 33.
Rxa5 Rc1+ 34. Kg2 Ra1 35. Ra7 e6 36. h4 h5 37. e5 Re1 38. Ra5 Ra1 39. Kf3 Ra2
40. Ra8 Ra1 41. Kf4 Ra2 42. f3 Ra1 43. Ra7 Ra2 44. a5 Ra4+ 45. Ke3 Ra3+ 46. Ke4
Ra4+ 47. Kd3 Ra3+ 48. Kc4 Rxf3 49. Rd7 Rxg3 50. Rd3 Rg4+ 51. Rd4 Rg1 52. a6 g5
53. Kb5 Rc1 54. Rc4 Rd1 55. a7 Rd8 56. Kb6 Ra8 57. hxg5 Kg6 58. Rf4 Rf8 59.
Rf6+ Kxg5 60. Rxf7 Rxf7 61. a8=Q Rf5 62. Qe4 h4 63. Kc6 Rf4 64. Qe3 Kf5 65. Kd6
Rg4 66. Qf3+ Rf4 67. Qh5+ Ke4 68. Kxe6 1-0

[Event "Superettan(Kristallen-Farsta)"]
[Site "?"]
[Date "2024.03.08"]
[Round "7"]
[White "Andersson, Goran L"]
[Black "Jaderberg, Bjorn"]
[Result "1/2-1/2"]
[WhiteElo "2184"]
[BlackElo "2175"]
[PlyCount "34"]
[SourceVersionDate "2024.03.16"]

1. e4 d6 2. d4 Nf6 3. Nc3 e5 4. Nf3 exd4 5. Nxd4 Be7 6. Bf4 O-O 7. Qd2 a6 8. f3
Nc6 9. O-O-O Nxd4 10. Qxd4 b5 11. Nd5 Nxd5 12. exd5 Bf5 13. h4 Bxh4 14. Bxd6
cxd6 15. Qxh4 Rc8 16. Bd3 Bxd3 17. Rxd3 Qxh4 1/2-1/2

[Event "Superettan(Rockaden, Sthlm II-Burgsvik)"]
[Site "?"]
[Date "2024.01.21"]
[Round "6"]
[White "Persson, Mats"]
[Black "Svorono, Gabriel"]
[Result "1-0"]
[WhiteElo "2252"]
[BlackElo "2126"]
[PlyCount "97"]
[SourceVersionDate "2024.02.04"]

1. e4 c5 2. Nf3 Nc6 3. Bb5 e6 4. Bxc6 bxc6 5. d3 Ne7 6. Qe2 d6 7. e5 d5 8. O-O
Nf5 9. c4 Be7 10. Nc3 g5 11. Na4 g4 12. Nd2 Qa5 13. b3 h5 14. f4 Rg8 15. Bb2 h4
16. Rac1 Bd7 17. Nb1 h3 18. g3 Nd4 19. Qf2 Nf3+ 20. Kh1 d4 21. Rc2 Rg6 22. Nd2
Nxd2 23. Qxd2 Qxd2 24. Rxd2 f6 25. Re2 fxe5 26. Rxe5 Bd6 27. Rh5 O-O-O 28. Ba3
Rf8 29. Bxc5 Rf5 30. Rxf5 exf5 31. Bxd6 Rxd6 32. Nc5 Kc7 33. Re1 Kb6 34. Re5
Bc8 35. Kg1 Rd8 36. Kf2 a5 37. Ke2 Rf8 38. Kd2 Rd8 39. Kc2 Rf8 40. a3 Rd8 41.
b4 axb4 42. axb4 Rg8 43. Re7 Rd8 44. Kb3 Rf8 45. Ka4 Rd8 46. Nb3 Ka6 47. c5 Rd5
48. Na5 Bd7 49. Nc4 1-0

[Event "Superettan(Helsingborg-SS 4 Springare)"]
[Site "?"]
[Date "2024.01.21"]
[Round "6"]
[White "Gajic, Mladen"]
[Black "Rothman, Peter"]
[Result "1/2-1/2"]
[WhiteElo "2297"]
[BlackElo "2108"]
[PlyCount "31"]
[SourceVersionDate "2024.02.04"]

1. d4 d5 2. Nf3 Nf6 3. e3 c6 4. Bd3 Bg4 5. h3 Bh5 6. c4 e6 7. Nc3 Nbd7 8. Qb3
Bxf3 9. gxf3 Qb6 10. c5 Qc7 11. f4 b6 12. cxb6 axb6 13. Bd2 c5 14. Qd1 g6 15.
Qf3 Bg7 16. O-O 1/2-1/2

[Event "Superettan(Rockaden, Sthlm II-Burgsvik)"]
[Site "?"]
[Date "2024.01.21"]
[Round "6"]
[White "Eriksson, Dan"]
[Black "Fraenkel, Mikael"]
[Result "1-0"]
[WhiteElo "2240"]
[BlackElo "1925"]
[PlyCount "49"]
[SourceVersionDate "2024.02.04"]

1. e4 c5 2. c3 d5 3. exd5 Qxd5 4. d4 Nc6 5. Nf3 Bg4 6. Be2 e6 7. h3 Bh5 8. c4
Qd7 9. g4 Bg6 10. d5 Nb4 11. Ne5 Bc2 12. Nxd7 Bxd1 13. Kxd1 Kxd7 14. a3 Na6 15.
Nc3 e5 16. f4 exf4 17. Bxf4 Nc7 18. Kc2 Rd8 19. Rhf1 Ne8 20. g5 f5 21. Be5 Bd6
22. Rxf5 Ne7 23. Rf7 Rb8 24. Bg4+ Kd8 25. Re1 1-0

[Event "Superettan(Helsingborg-SS 4 Springare)"]
[Site "?"]
[Date "2024.01.21"]
[Round "6"]
[White "Rosell, Tomas"]
[Black "Poley, Vladimir"]
[Result "1-0"]
[WhiteElo "2156"]
[BlackElo "2286"]
[PlyCount "57"]
[SourceVersionDate "2024.02.04"]

1. e4 d5 2. exd5 Qxd5 3. Nc3 Qd8 4. d4 g6 5. h3 Bg7 6. Nf3 Nd7 7. Bc4 Ngf6 8.
O-O O-O 9. Re1 a6 10. a4 Nb6 11. Bb3 e6 12. Bg5 h6 13. Bh4 Nbd5 14. Qd2 Nxc3
15. Qxc3 b6 16. Ne5 g5 17. Bg3 Bb7 18. Qd3 Re8 19. Rad1 Qe7 20. c3 Nh7 21. f4
f6 22. Ng6 Qf7 23. f5 Bd5 24. c4 exf5 25. cxd5 Rxe1+ 26. Rxe1 Qxg6 27. d6+ Kh8
28. dxc7 Nf8 29. Qc4 1-0

[Event "Superettan(Rockaden, Sthlm II-Burgsvik)"]
[Site "?"]
[Date "2024.01.21"]
[Round "6"]
[White "Andersson, Bjorn"]
[Black "Jonsson, Filip"]
[Result "1/2-1/2"]
[WhiteElo "2163"]
[BlackElo "2058"]
[PlyCount "110"]
[SourceVersionDate "2024.02.04"]

1. e4 e6 2. d4 d5 3. e5 c5 4. c3 Nc6 5. Nf3 Qb6 6. a3 c4 7. b4 cxb3 8. Bb2 Bd7
9. Nbd2 Na5 10. c4 Ba4 11. cxd5 exd5 12. Bd3 Ne7 13. O-O Ng6 14. e6 f6 15. Re1
Be7 16. Nh4 Nxh4 17. Qh5+ g6 18. Qxh4 O-O-O 19. Qg3 Qd6 20. Qf3 Kb8 21. Qe2 Qb6
22. Rac1 Rc8 23. Nb1 Rxc1 24. Rxc1 Rc8 25. Rxc8+ Kxc8 26. h4 Be8 27. Qd2 Nc6
28. Qc3 Kb8 29. Nd2 Qa5 30. Qc1 Qb6 31. Nf3 Nd8 32. Qh6 Qxe6 33. Qxh7 Qf7 34.
Bxg6 Qxg6 35. Qxe7 Nc6 36. Qe2 Qc2 37. Qxe8+ Kc7 38. Qf7+ Kb6 39. Qxd5 Qxb2 40.
Qc5+ Ka6 41. Qc4+ Kb6 42. d5 Qc2 43. Nd2 Na5 44. Qd4+ Ka6 45. d6 b2 46. d7 Nc6
47. Qe3 b1=Q+ 48. Nxb1 Qxb1+ 49. Kh2 Qd1 50. Qe8 Qd4 51. h5 Qf4+ 52. Kg1 Qc1+
53. Kh2 Qf4+ 54. Kg1 Qc1+ 55. Kh2 Qf4+ 1/2-1/2

[Event "Superettan(Helsingborg-SS 4 Springare)"]
[Site "?"]
[Date "2024.01.21"]
[Round "6"]
[White "Jakenberg, Jussi"]
[Black "Derdic, Valentin"]
[Result "0-1"]
[WhiteElo "2028"]
[BlackElo "1877"]
[PlyCount "80"]
[SourceVersionDate "2024.02.04"]

1. e4 c5 2. c3 g6 3. d4 cxd4 4. cxd4 d5 5. e5 Nc6 6. Bb5 Bg7 7. Bf4 f6 8. Nf3
Nh6 9. Bxc6+ bxc6 10. Qc1 g5 11. Be3 Bd7 12. O-O Nf5 13. exf6 exf6 14. Nc3 O-O
15. Na4 Re8 16. Nc5 g4 17. Ne1 Nxe3 18. fxe3 Bh6 19. Nc2 f5 20. Qd2 Qc7 21.
Rae1 Re7 22. Qf2 Rae8 23. Nxd7 Qxd7 24. Qh4 Qe6 25. Qh5 Rf8 26. Rf2 Qg6 27.
Qxg6+ hxg6 28. g3 Rfe8 29. Rfe2 Re4 30. Kf2 a5 31. Na1 Bf8 32. Nb3 Bb4 33. Rc1
R8e6 34. Nc5 Bxc5 35. Rxc5 g5 36. Rxa5 f4 37. gxf4 gxf4 38. Ra3 c5 39. Rd3 cxd4
40. Rdd2 dxe3+ 0-1

[Event "Superettan(Helsingborg-SS 4 Springare)"]
[Site "?"]
[Date "2024.01.21"]
[Round "6"]
[White "Hakansson, Stefan"]
[Black "Mattsson, Michael"]
[Result "1/2-1/2"]
[WhiteElo "1998"]
[BlackElo "2043"]
[PlyCount "38"]
[SourceVersionDate "2024.02.04"]

1. d4 d5 2. Bf4 Nf6 3. e3 c5 4. c3 Nc6 5. Nd2 Bf5 6. Ngf3 e6 7. Be2 Qb6 8. b3
cxd4 9. cxd4 Ba3 10. Nh4 O-O 11. Nxf5 exf5 12. O-O Nb4 13. Bg5 Rfe8 14. Bxf6
Qxf6 15. Nf3 Rac8 16. Ne5 Rc3 17. Nd3 Nxd3 18. Bxd3 f4 19. Qd2 Rc7 1/2-1/2

[Event "Superettan(Farsta-Lulea)"]
[Site "?"]
[Date "2024.01.21"]
[Round "6"]
[White "Martirosyan, Haik M"]
[Black "Livner, Anders"]
[Result "1-0"]
[WhiteElo "2678"]
[BlackElo "2283"]
[PlyCount "109"]
[SourceVersionDate "2024.02.04"]

1. d4 d5 2. c4 e6 3. Nf3 Nf6 4. Nc3 c5 5. cxd5 Nxd5 6. e4 Nxc3 7. bxc3 cxd4 8.
cxd4 Bb4+ 9. Bd2 Bxd2+ 10. Qxd2 O-O 11. Rd1 Bd7 12. Bc4 Bc6 13. Bd3 Ba4 14. Rb1
Nc6 15. Be2 Rc8 16. O-O Qe7 17. Bc4 b6 18. Ba6 Rcd8 19. Rfc1 Qd7 20. Rc4 Nb8
21. Ne5 Qd6 22. Rxa4 Nxa6 23. Qc3 Nc5 24. Rxa7 Nxe4 25. Qc2 Nf6 26. Rc1 h6 27.
h3 Nd5 28. Qe4 Nf6 29. Qb1 Nd5 30. g3 Nf6 31. Rcc7 Qxd4 32. Nxf7 Ne4 33. Qc2
Qd1+ 34. Qxd1 Rxd1+ 35. Kg2 Rd2 36. Nxh6+ Kh8 37. Nf7+ Kg8 38. Kf3 Rxf2+ 39.
Kxe4 R8xf7 40. Rxf7 Rxf7 41. Rxf7 Kxf7 42. Ke5 b5 43. h4 g6 44. a3 Ke7 45. g4
Kf7 46. h5 gxh5 47. gxh5 Ke7 48. h6 Kf7 49. h7 Kg7 50. Kxe6 Kxh7 51. Kd6 Kg7
52. Kc5 Kf7 53. Kxb5 Ke7 54. Kc6 Kd8 55. Kb7 1-0

[Event "Superettan(Skara-Schack 08)"]
[Site "?"]
[Date "2024.01.21"]
[Round "6"]
[White "Nyander, Joakim"]
[Black "Djurhuus, Rune"]
[Result "0-1"]
[WhiteElo "2186"]
[BlackElo "2393"]
[PlyCount "120"]
[SourceVersionDate "2024.02.04"]

1. Nf3 g6 2. c4 Bg7 3. Nc3 e5 4. g3 Ne7 5. Bg2 O-O 6. O-O f5 7. d4 e4 8. Ng5 h6
9. Nh3 g5 10. f3 exf3 11. exf3 d5 12. cxd5 c6 13. f4 g4 14. Nf2 cxd5 15. Qb3
Nbc6 16. Be3 Be6 17. Rad1 Na5 18. Qc2 Nc4 19. Bc1 Nd6 20. Qb3 Bf7 21. Be3 Nc4
22. Bc1 Qd7 23. Rd3 Nc6 24. Rfd1 Rfe8 25. a3 Re7 26. Qc2 Rae8 27. h3 h5 28. Kh2
a6 29. Qa4 Re1 30. Rxe1 Rxe1 31. Nfd1 Qd6 32. Qc2 Re4 33. Ne3 Nxe3 34. Bxe3 Re7
35. Bg1 Bf6 36. Rd2 Qd7 37. h4 Kg7 38. b4 Na7 39. Qb3 Nc8 40. Bxd5 Bxd5 41.
Qxd5 Nd6 42. Bf2 b5 43. Rd3 Nc4 44. Qxd7 Rxd7 45. Nd1 Rd5 46. Kg2 Kf7 47. Kf1
Ke6 48. a4 bxa4 49. Nc3 a3 50. Nxd5 a2 51. Nc7+ Kd7 52. Rd1 Nd2+ 53. Ke2 Nb1
54. Nd5 a1=Q 55. Nxf6+ Ke7 56. Kf1 Kxf6 57. d5 Ke7 58. Bc5+ Kd7 59. d6 Qc3 60.
Re1 Nd2+ 0-1

[Event "Superettan(Upsala-Kristallen)"]
[Site "?"]
[Date "2024.01.21"]
[Round "6"]
[White "Lindh, Fredrik"]
[Black "Johansson, Jan"]
[Result "1-0"]
[WhiteElo "2251"]
[BlackElo "2279"]
[PlyCount "75"]
[SourceVersionDate "2024.02.13"]

1. e4 d6 2. d4 Nf6 3. Nc3 e5 4. Nf3 exd4 5. Nxd4 Be7 6. Bc4 O-O 7. O-O a6 8. a4
Nc6 9. Re1 Nb4 10. Nd5 Nfxd5 11. exd5 Bf6 12. Bb3 c5 13. dxc6 Nxc6 14. Be3 Ne5
15. Qd2 Bd7 16. Bd5 Qc7 17. b3 Rad8 18. Rad1 Rfe8 19. h3 Bc8 20. a5 Re7 21. c4
Rde8 22. Ne2 Nd7 23. Nf4 Nc5 24. Bf3 Be6 25. Qb4 Be5 26. Nd5 Bxd5 27. Bxd5 Rb8
28. Bg5 Ree8 29. f4 Bf6 30. Bxf6 gxf6 31. Qc3 Nd7 32. Qg3+ Kf8 33. Qh4 Qxa5 34.
Rxe8+ Rxe8 35. Qxh7 Re1+ 36. Kh2 Ke7 37. Qxf7+ Kd8 38. Be6 1-0

[Event "Superettan(Farsta-Lulea)"]
[Site "?"]
[Date "2024.01.21"]
[Round "6"]
[White "Lundin, Jan"]
[Black "Sargsyan, Shant"]
[Result "0-1"]
[WhiteElo "2232"]
[BlackElo "2634"]
[PlyCount "62"]
[SourceVersionDate "2024.02.04"]

1. e4 c5 2. Nc3 Nc6 3. g3 g6 4. Bg2 Bg7 5. d3 d6 6. f4 Rb8 7. Nf3 b5 8. O-O b4
9. Nd5 Nf6 10. a3 a5 11. axb4 axb4 12. Nd2 Nxd5 13. exd5 Nd4 14. Nc4 h5 15. h3
Bd7 16. Re1 b3 17. cxb3 Nxb3 18. Ra7 Nxc1 19. Qxc1 O-O 20. f5 Bxf5 21. Rexe7
Bf6 22. Rec7 Bd4+ 23. Kh2 h4 24. Be4 hxg3+ 25. Kxg3 Bxe4 26. dxe4 Rb3+ 27. Kh2
Qh4 28. Qf1 Qg3+ 29. Kh1 Rf3 30. Qg2 Qe1+ 31. Kh2 Rf2 0-1

[Event "Superettan(Skara-Schack 08)"]
[Site "?"]
[Date "2024.01.21"]
[Round "6"]
[White "Ronneland, Daniel"]
[Black "Ask, Josef"]
[Result "0-1"]
[WhiteElo "2234"]
[BlackElo "2174"]
[PlyCount "70"]
[SourceVersionDate "2024.02.04"]

1. e4 e5 2. Nf3 Nc6 3. Bb5 a6 4. Ba4 Nf6 5. O-O b5 6. Bb3 Be7 7. Re1 O-O 8. a4
b4 9. d4 d6 10. c3 bxc3 11. bxc3 Rb8 12. Nbd2 exd4 13. cxd4 d5 14. e5 Ne8 15.
h3 g6 16. Nf1 Ng7 17. Ne3 Be6 18. Bd2 Nf5 19. Nxf5 Bxf5 20. Bc2 Be6 21. a5 Nb4
22. Bb1 Qd7 23. Ng5 Bf5 24. g4 Bxb1 25. Qxb1 c5 26. e6 fxe6 27. Nxe6 Rf3 28.
Kg2 Rf6 29. Nxc5 Bxc5 30. dxc5 Qf7 31. f4 Nc6 32. Qd3 d4 33. Rab1 Qd5+ 34. Qe4
Qxe4+ 35. Rxe4 Rxb1 0-1

[Event "Superettan(Upsala-Kristallen)"]
[Site "?"]
[Date "2024.01.21"]
[Round "6"]
[White "Malm Lindberg, Henrik"]
[Black "Walinder, Lars"]
[Result "0-1"]
[WhiteElo "2126"]
[BlackElo "2231"]
[PlyCount "100"]
[SourceVersionDate "2024.02.13"]

1. e4 c5 2. Nf3 d6 3. d4 cxd4 4. Nxd4 Nf6 5. Nc3 a6 6. Be2 e5 7. Nb3 Be7 8. O-O
O-O 9. Be3 Be6 10. Qd2 Nbd7 11. a4 Nb6 12. a5 Nc4 13. Bxc4 Bxc4 14. Rfd1 Rc8
15. f3 Qc7 16. Nc1 d5 17. exd5 Rfd8 18. Nd3 Nxd5 19. Nxd5 Rxd5 20. Qe1 Qc6 21.
Nb4 Rxd1 22. Rxd1 Qb5 23. c3 Qxa5 24. Rd7 Rc7 25. Rxc7 Qxc7 26. Qd2 Qd6 27.
Qxd6 Bxd6 28. Kf2 f6 29. Bb6 Kf7 30. Nc2 Ke6 31. b4 f5 32. h3 Bd3 33. Ne3 f4
34. Nd1 e4 35. fxe4 Bxe4 36. Bd4 Be5 37. Bxe5 Kxe5 38. g3 g5 39. Nb2 b5 40. h4
fxg3+ 41. Kxg3 gxh4+ 42. Kxh4 Kd5 43. Kg5 Bc2 44. Kf4 Bb1 45. Kf3 Ba2 46. Kf4
h5 47. Kf5 h4 48. Kg4 Ke4 49. Nd1 Kd3 50. Kxh4 Kd2 0-1

[Event "Superettan(Farsta-Lulea)"]
[Site "?"]
[Date "2024.01.21"]
[Round "6"]
[White "Hermansson, Emil"]
[Black "Jaderberg, Bjorn"]
[Result "1-0"]
[WhiteElo "2425"]
[BlackElo "2175"]
[PlyCount "71"]
[SourceVersionDate "2024.02.04"]

1. e4 d6 2. d4 Nf6 3. Bd3 e5 4. c3 Be7 5. Nf3 Nc6 6. O-O O-O 7. Re1 Re8 8. d5
Nb8 9. c4 a5 10. Nc3 Na6 11. a3 Bd7 12. Rb1 Nc5 13. Bc2 c6 14. b4 axb4 15. axb4
Na6 16. Be3 Ng4 17. Bd2 Qb6 18. Re2 Rec8 19. h3 Nf6 20. Bd3 cxd5 21. exd5 Qc7
22. Qb3 b6 23. Nh2 Ne8 24. f4 Kh8 25. Nf3 f6 26. Rf1 Qd8 27. Qb1 h6 28. Nh4
Nec7 29. Bh7 Be8 30. Ng6+ Bxg6 31. Bxg6 Bf8 32. Qb3 Nb8 33. Bb1 Qe7 34. Qc2 g5
35. fxg5 hxg5 36. Rxf6 1-0

[Event "Superettan(Skara-Schack 08)"]
[Site "?"]
[Date "2024.01.21"]
[Round "6"]
[White "Karlsson, Tomas"]
[Black "Kreken, Eivind Grunt"]
[Result "1/2-1/2"]
[WhiteElo "2278"]
[BlackElo "2229"]
[PlyCount "119"]
[SourceVersionDate "2024.02.04"]

1. e4 e5 2. Nf3 Nc6 3. Bb5 a6 4. Ba4 b5 5. Bb3 Na5 6. c3 Nxb3 7. Qxb3 Bb7 8. d3
d6 9. O-O Nf6 10. a4 Qd7 11. Nbd2 Be7 12. Re1 c6 13. Nf1 O-O 14. Ng3 Rfe8 15.
Bg5 h6 16. Bd2 Bf8 17. c4 Rab8 18. Qc2 g6 19. Bc3 Bg7 20. b3 Qc7 21. Bb2 c5 22.
axb5 axb5 23. Ra7 Ra8 24. Rea1 Rxa7 25. Rxa7 Qb6 26. Ra1 Ra8 27. Rxa8+ Bxa8 28.
Nf1 Bc6 29. Ne3 Qa6 30. cxb5 Bxb5 31. Nc4 Nd7 32. Nfd2 Nf8 33. Qb1 Ne6 34. g3
Kh7 35. Qa1 Qxa1+ 36. Bxa1 Bf8 37. f3 f5 38. Bc3 Nc7 39. Ba5 Ne6 40. Kf2 Be7
41. Bc3 Kg8 42. b4 Kf7 43. bxc5 Nxc5 44. Ke3 Ke6 45. Ba5 d5 46. exd5+ Kxd5 47.
Bb6 Ne6 48. Ke2 Bb4 49. Be3 Nd4+ 50. Kf2 g5 51. f4 Bxd2 52. Nxd2 exf4 53. gxf4
Ne6 54. fxg5 hxg5 55. Ke2 f4 56. Bb6 g4 57. Ne4 Nd4+ 58. Kf2 g3+ 59. hxg3 fxg3+
60. Nxg3 1/2-1/2

[Event "Superettan(Upsala-Kristallen)"]
[Site "?"]
[Date "2024.01.21"]
[Round "6"]
[White "Andersson, Goran L"]
[Black "Sittenfeld, Johan"]
[Result "1/2-1/2"]
[WhiteElo "2184"]
[BlackElo "2135"]
[PlyCount "101"]
[SourceVersionDate "2024.02.13"]

1. e4 e5 2. Nf3 Nc6 3. Bb5 a6 4. Ba4 Nf6 5. O-O Be7 6. d3 b5 7. Bb3 d6 8. a4 b4
9. a5 O-O 10. Nbd2 Rb8 11. c3 Be6 12. Bc4 Bxc4 13. Nxc4 Re8 14. Qa4 Rb5 15. Bd2
d5 16. Ncxe5 Nxe5 17. Nxe5 dxe4 18. d4 bxc3 19. Bxc3 Bd6 20. f4 Nd5 21. Qc4 Qh4
22. Qc6 Rf8 23. Qxa6 Rfb8 24. Qc6 Nxf4 25. g3 Ne2+ 26. Kg2 Qh5 27. Ra2 Bxe5 28.
dxe5 Nxc3 29. Qxc3 Rxe5 30. a6 Rc5 31. a7 Ra8 32. Qb3 h6 33. Rf2 e3 34. Qxe3
Qd5+ 35. Qf3 Qxf3+ 36. Rxf3 Rb5 37. Rfa3 Rb7 38. Kf3 Kf8 39. Ke4 Ke7 40. Kd5
Kd7 41. Kc5 Rb6 42. Ra6 Rb3 43. Kc4 Re3 44. b4 Re4+ 45. Kc5 Kc8 46. b5 Kb7 47.
Kd5 Re7 48. Kc5 Re5+ 49. Kc4 Re4+ 50. Kd5 Re7 51. Kc5 1/2-1/2